Catalunya - mapa de comarques, per vegueries - Statistics

General Stats
  • This quiz has been taken 761 times
  • The average score is 32 of 42
Answers on the Map
Answers color-coded by a green-red scale on the quiz's map according to % correct below.
 
Answer Stats
Answer % Correct
Barcelonès
95%
Gironès
90%
Maresme
90%
Alt Empordà
89%
Baix Empordà
89%
Tarragonès
89%
Vall d'Aran
88%
Vallès Occidental
86%
Baix Llobregat
85%
Vallès Oriental
85%
Cerdanya
81%
Osona
80%
Selva
80%
Alt Penedès
78%
Pallars Jussà
78%
Pallars Sobirà
78%
Baix Penedès
77%
Ripollès
76%
Segrià
76%
Anoia
75%
Alta Ribagorça
74%
Berguedà
74%
Pla de l'Estany
74%
Alt Urgell
73%
Baix Ebre
73%
Noguera
73%
Urgell
73%
Alt Camp
72%
Baix Camp
72%
Garraf
72%
Garrotxa
72%
Montsià
72%
Moianès
70%
Bages
69%
Solsonès
69%
Terra Alta
67%
Pla d'Urgell
63%
Priorat
63%
Garrigues
55%
Segarra
55%
Conca de Barberà
53%
Ribera d'Ebre
53%
No matching quizzes found
Score Distribution
Percent of People with Each Score
Percentile by Number Answered
Your Score History
You have not taken this quiz